Estadísticas para 10 Megaciudades más Meridionales

Haz click aquí para intentar la prueba.

Estadísticas generales

  • Esta prueba ha sido intentada 950 veces
  • La puntuación promedio es 6 de 10

Estadísticas de respuestas

LatitudMegaciudad% Correcto
34.6° SBuenos Aires
93%
23.6° SSão Paulo
84%
22.9° SRio de Janeiro
82%
12.0° SLima
73%
6.1° SYakarta
68%
26.2° SJohannesburgo
60%
4.4° SKinsasa
50%
6.5° NLagos
48%
13.0° NBangalore
21%
13.1° NChennai
19%

Distribución de puntuación

Porcentaje por número respondido

Porcentaje de gente con cada puntuación

Historial de tus puntuaciones

No has intentado esta prueba.